[Event "Mundial Juvenil 2005 s10"]
[Site "Belfort FRA"]
[Date "2005.07.24"]
[Round "6.3"]
[White "Naroditsky, Daniel"]
[Black "Fernandez, Daniel Howard"]
[Result "1/2-1/2"]
[WhiteElo "1599"]
[BlackElo "1871"]
[PlyCount "131"]
[EventDate "2005.07.19"]
[EventType "swiss"]
[EventRounds "11"]
[EventCountry "FRA"]
[Source "lmi"]
[SourceDate "2005.07.31"]

1. e4 c5 2. c3 d5 3. exd5 Qxd5 4. d4 e6 5. Nf3 Nf6 6. Be2 Nc6 7. O-O Be7 8. Be3
cxd4 9. cxd4 O-O 10. Nc3 Qd8 11. Rc1 Nb4 12. Ne5 Nbd5 13. Bf3 Qb6 14. Nc4 Qa6
15. a3 Rd8 16. Nxd5 exd5 17. Ne5 Qb6 18. b4 Be6 19. Nd3 a5 20. Qb3 Ne4 21. Nf4
axb4 22. Bxe4 Rxa3 23. Qb2 dxe4 24. d5 Rxe3 25. fxe3 Qxe3+ 26. Kh1 Bg4 27. h3
Bd6 28. Rce1 Qg3 29. Rxe4 Bf5 30. Rf3 Qg5 31. Rxb4 Bxb4 32. Qxb4 Qf6 33. Qxb7
Be4 34. Rf2 Bxd5 35. Qc7 Be4 36. Ne6 Rd1+ 37. Kh2 fxe6 38. Rxf6 gxf6 39. Qe7
Bd5 40. Qxf6 Re1 41. Qd8+ Kg7 42. Qc7+ Kf8 43. Qxh7 Re2 44. Qh6+ Ke7 45. Qg7+
Ke8 46. Qh8+ Ke7 47. h4 Rxg2+ 48. Kh3 Rg1 49. h5 Kf7 50. h6 Ke7 51. Kh4 Kf7 52.
Qh7+ Kf6 53. Kh3 Rg5 54. Qh8+ Kf7 55. Kh4 Rg6 56. h7 Rg1 57. Kh5 Bf3+ 58. Kh4
Bd5 59. Qb8 Rh1+ 60. Kg5 Rxh7 61. Qc7+ Kg8 62. Qd8+ Kg7 63. Qe8 Rh1 64. Qe7+
Kg8 65. Qe8+ Kg7 66. Qe7+ 1/2-1/2

[Event "Mundial Juvenil 2005 s10"]
[Site "Belfort FRA"]
[Date "2005.07.24"]
[Round "6.4"]
[White "Nikologorskiy, Konstantin"]
[Black "Biazliudau, Stanislau"]
[Result "1-0"]
[WhiteElo "1599"]
[BlackElo "1599"]
[PlyCount "91"]
[EventDate "2005.07.19"]
[EventType "swiss"]
[EventRounds "11"]
[EventCountry "FRA"]
[Source "lmi"]
[SourceDate "2005.07.31"]

1. c4 e5 2. Nc3 Nf6 3. g3 Bb4 4. Bg2 Nc6 5. Nd5 O-O 6. Nxb4 Nxb4 7. a3 Nc6 8.
d3 d5 9. cxd5 Nxd5 10. Nf3 Be6 11. Ng5 Qd7 12. Nxe6 fxe6 13. O-O b6 14. Bd2 Rf6
15. b4 a6 16. e3 Rd8 17. Be4 Rff8 18. Qb3 Rfe8 19. Bc3 Qd6 20. Rfd1 Rd7 21. Bb2
Qf8 22. d4 exd4 23. Bxd4 Qf7 24. Qc2 Nxd4 25. Rxd4 Rf8 26. Rad1 c6 27. Bxd5
exd5 28. Rf4 Qe7 29. Rdd4 Rxf4 30. Rxf4 Rd6 31. Qf5 Rd7 32. h4 Qf7 33. Qg4 Qe7
34. Kh2 Rc7 35. Rf5 h6 36. Qd4 Qe6 37. Re5 Qf7 38. Kg2 Rb7 39. e4 Rd7 40. a4
dxe4 41. Qxe4 Qa2 42. Qxc6 Rf7 43. Re8+ Kh7 44. Qe4+ g6 45. Qd4 g5 46. h5 1-0

[Event "Mundial Juvenil 2005 s10"]
[Site "Belfort FRA"]
[Date "2005.07.24"]
[Round "6.5"]
[White "Vakhidov, Jakhongir"]
[Black "Diloyan, Ara"]
[Result "1-0"]
[WhiteElo "1599"]
[BlackElo "1599"]
[PlyCount "61"]
[EventDate "2005.07.19"]
[EventType "swiss"]
[EventRounds "11"]
[EventCountry "FRA"]
[Source "lmi"]
[SourceDate "2005.07.31"]

1. c4 d6 2. Nc3 e5 3. d4 exd4 4. Qxd4 Nc6 5. Qd1 Nf6 6. g3 Be7 7. Bg2 O-O 8.
Nf3 Bf5 9. O-O Nd7 10. b3 Bf6 11. Bb2 Nc5 12. Nd2 Re8 13. Re1 Qd7 14. a3 Bh3
15. b4 Bxg2 16. Kxg2 Ne6 17. Nb3 Ne5 18. Nd5 Ng5 19. Nxf6+ gxf6 20. Bxe5 Rxe5
21. Nd4 Rae8 22. f4 Qh3+ 23. Kg1 Ne4 24. fxe5 Nxg3 25. Qd3 Rxe5 26. hxg3 Rg5
27. Kf2 Qh2+ 28. Ke3 Rxg3+ 29. Nf3 Qh6+ 30. Kd4 f5 31. Kc3 1-0

[Event "Mundial Juvenil 2005 s10"]
[Site "Belfort FRA"]
[Date "2005.07.24"]
[Round "6.7"]
[White "Qu, Ziyuan"]
[Black "Gonzalez Meneses, Kevin Moises"]
[Result "1/2-1/2"]
[WhiteElo "2242"]
[BlackElo "1599"]
[PlyCount "51"]
[EventDate "2005.07.19"]
[EventType "swiss"]
[EventRounds "11"]
[EventCountry "FRA"]
[Source "lmi"]
[SourceDate "2005.07.31"]

1. e4 c5 2. Nf3 Nc6 3. d4 cxd4 4. Nxd4 Nf6 5. Nc3 d6 6. Be2 e6 7. Be3 Be7 8.
O-O O-O 9. Kh1 a6 10. a4 Qc7 11. f4 Bd7 12. Nb3 Na5 13. Nxa5 Qxa5 14. Qd3 Bc6
15. Bf3 Rfd8 16. g4 d5 17. e5 Nxg4 18. Bxg4 d4+ 19. Bf3 dxc3 20. Qxc3 Qxc3 21.
bxc3 Bxf3+ 22. Rxf3 Rac8 23. Bd4 Bc5 24. Bxc5 Rxc5 25. Rb1 Rc7 26. Rd3 1/2-1/2

[Event "Mundial Juvenil 2005 s10"]
[Site "Belfort FRA"]
[Date "2005.07.24"]
[Round "6.8"]
[White "Laurusas, Tomas"]
[Black "Cori, Jorge"]
[Result "1/2-1/2"]
[WhiteElo "1599"]
[BlackElo "2080"]
[PlyCount "84"]
[EventDate "2005.07.19"]
[EventType "swiss"]
[EventRounds "11"]
[EventCountry "FRA"]
[Source "lmi"]
[SourceDate "2005.07.31"]

1. e4 c5 2. c3 d5 3. exd5 Qxd5 4. d4 Nf6 5. Nf3 Bg4 6. Be2 e6 7. O-O Be7 8. Be3
O-O 9. dxc5 Qxd1 10. Rxd1 Nd5 11. Bd4 Nd7 12. b4 a5 13. Bc4 N7f6 14. a3 Bxf3
15. gxf3 Rfd8 16. Nd2 axb4 17. cxb4 Nb6 18. Bc3 Rxd2 19. cxb6 Rxd1+ 20. Rxd1
Rxa3 21. Bxf6 gxf6 22. Rd7 Bxb4 23. Rxb7 Ra1+ 24. Kg2 Rb1 25. Ba6 Bd6 26. Bd3
Rb2 27. Be4 Kg7 28. Bc6 Bc5 29. Be8 Bxb6 30. Rxf7+ Kg6 31. Rb7+ Kf5 32. Bc6
Rxf2+ 33. Kg3 Rb2 34. Rxh7 Bf2+ 35. Kh3 Kf4 36. Rb7 Rc2 37. Rb4+ Kg5 38. Rg4+
Kh6 39. Be4 Rb2 40. Rg6+ Kh5 41. Rxf6 Bg1 42. Rxe6 Bxh2 1/2-1/2

[Event "Mundial Juvenil 2005 s10"]
[Site "Belfort FRA"]
[Date "2005.07.24"]
[Round "6.10"]
[White "Sanchez Ibern, Marc"]
[Black "Eng, Andre Jerome"]
[Result "1-0"]
[WhiteElo "1914"]
[BlackElo "1599"]
[PlyCount "83"]
[EventDate "2005.07.19"]
[EventType "swiss"]
[EventRounds "11"]
[EventCountry "FRA"]
[Source "lmi"]
[SourceDate "2005.07.31"]

1. e4 c5 2. Nc3 Nc6 3. g3 g6 4. Bg2 Bg7 5. d3 d6 6. Be3 Rb8 7. Qd2 b5 8. Nge2
e6 9. O-O Nd4 10. Nd1 Ne7 11. c3 Nxe2+ 12. Qxe2 O-O 13. f4 Qc7 14. Nf2 Bd7 15.
d4 b4 16. Rfd1 bxc3 17. bxc3 c4 18. Rab1 d5 19. Bd2 Ba4 20. Rdc1 Rb6 21. Rxb6
axb6 22. Be1 Bc6 23. Qb2 Ra8 24. Rb1 b5 25. a3 Qa7 26. Ra1 Qa4 27. Bd2 Nc8 28.
e5 Ne7 29. g4 Bd7 30. Bf3 Qa6 31. Bd1 f6 32. Bc2 fxe5 33. fxe5 Rf8 34. Rf1 Nc6
35. Nh3 Ra8 36. Bc1 Bf8 37. Bxg6 hxg6 38. Qf2 Qc8 39. Qf7+ Kh8 40. Qf6+ Bg7 41.
Qh4+ Kg8 42. Ng5 1-0

[Event "Mundial Juvenil 2005 s10"]
[Site "Belfort FRA"]
[Date "2005.07.24"]
[Round "6.11"]
[White "Dragun, Kamil"]
[Black "Quintin Navarro, Alberto"]
[Result "1-0"]
[WhiteElo "1844"]
[BlackElo "1599"]
[PlyCount "97"]
[EventDate "2005.07.19"]
[EventType "swiss"]
[EventRounds "11"]
[EventCountry "FRA"]
[Source "lmi"]
[SourceDate "2005.07.31"]

1. e4 e5 2. Nf3 Nc6 3. Bb5 a6 4. Ba4 Nf6 5. O-O Be7 6. Re1 b5 7. Bb3 O-O 8. a4
Bb7 9. axb5 axb5 10. Rxa8 Qxa8 11. d3 d6 12. c3 Kh8 13. Ng5 Kg8 14. Nd2 Na5 15.
Bc2 c5 16. Ngf3 Nc6 17. Bb1 Qa7 18. Nf1 Bd8 19. Ng3 Ne7 20. d4 cxd4 21. cxd4
Bb6 22. Bg5 Bxd4 23. Nxd4 Qxd4 24. Qxd4 exd4 25. Bxf6 gxf6 26. Rd1 Nc6 27. Nf5
Rd8 28. Nxd4 Nxd4 29. Rxd4 Ra8 30. f3 Ra1 31. Rd1 d5 32. exd5 Bxd5 33. Bc2
Rxd1+ 34. Bxd1 Bc4 35. Kf2 Kg7 36. Ke3 Kg6 37. f4 h6 38. Bc2+ f5 39. Kd4 Kh5
40. Bxf5 Be6 41. Bxe6 fxe6 42. Ke5 Kg4 43. g3 Kh3 44. Kxe6 Kxh2 45. f5 Kxg3 46.
f6 h5 47. f7 h4 48. f8=Q h3 49. Qf1 1-0

[Event "Mundial Juvenil 2005 s10"]
[Site "Belfort FRA"]
[Date "2005.07.24"]
[Round "6.13"]
[White "Vasile, Claudiu Daniel"]
[Black "Whitfield, Craig"]
[Result "1-0"]
[WhiteElo "1694"]
[BlackElo "1599"]
[PlyCount "91"]
[EventDate "2005.07.19"]
[EventType "swiss"]
[EventRounds "11"]
[EventCountry "FRA"]
[Source "lmi"]
[SourceDate "2005.07.31"]

1. e4 c5 2. Nf3 Nc6 3. d4 cxd4 4. Nxd4 Nf6 5. Nc3 e5 6. Ndb5 d6 7. Bg5 a6 8.
Na3 b5 9. Nd5 Qa5+ 10. c3 Nxe4 11. Be3 Rb8 12. Be2 Be6 13. Nc2 Nf6 14. Nxf6+
gxf6 15. Bf3 Qc7 16. a3 f5 17. Nb4 Nxb4 18. axb4 e4 19. Be2 Qb7 20. Ra5 Be7 21.
Qa1 Bc8 22. Bf4 Rg8 23. Rg1 Qb6 24. Bh5 Bg5 25. Qa2 Be6 26. Qxe6+ Kd8 27. Bxg5+
Rxg5 28. Qf6+ Kc7 29. Qxg5 Re8 30. Qe3 Qb7 31. Ke2 Qd5 32. Rd1 Qc4+ 33. Ke1 Re7
34. Qa7+ Kc8 35. Qxe7 e3 36. Qf8+ Kb7 37. Qxf7+ Qxf7 38. Bxf7 exf2+ 39. Kxf2 f4
40. Rxd6 f3 41. gxf3 h5 42. Bxh5 Kb8 43. Rd7 Kc8 44. Rh7 Kd8 45. Rxa6 Kc8 46.
Ra8# 1-0

[Event "Mundial Juvenil 2005 s10"]
[Site "Belfort FRA"]
[Date "2005.07.24"]
[Round "6.15"]
[White "Valizadeh, Ali"]
[Black "Cao, Jiajie"]
[Result "1-0"]
[WhiteElo "1599"]
[BlackElo "1599"]
[PlyCount "85"]
[EventDate "2005.07.19"]
[EventType "swiss"]
[EventRounds "11"]
[EventCountry "FRA"]
[Source "lmi"]
[SourceDate "2005.07.31"]

1. d4 Nf6 2. c4 g6 3. Nc3 Bg7 4. e4 d6 5. Nf3 O-O 6. g3 c5 7. d5 Na6 8. Bg2 Nc7
9. O-O Re8 10. h3 a6 11. a4 e6 12. Be3 exd5 13. exd5 a5 14. Re1 h5 15. Qd2 Bf5
16. Nh4 Qd7 17. Nxf5 Qxf5 18. Bf4 Qd7 19. Kh2 Kh7 20. Ne4 Nxe4 21. Bxe4 Be5 22.
Bxe5 Rxe5 23. f4 Re7 24. f5 Rae8 25. fxg6+ fxg6 26. Qd3 Rg7 27. Rf1 Reg8 28.
Qf3 Kh8 29. Qf4 Kh7 30. Qg5 Kh8 31. Rf6 Qe7 32. Re1 Ne8 33. Bxg6 Rxg6 34. Rxe7
Nxf6 35. Qf5 b6 36. Rf7 Nh7 37. Qxh5 R6g7 38. Rxg7 Rxg7 39. Qe8+ Rg8 40. Qe6
Rd8 41. Qe7 Rg8 42. Qxd6 Re8 43. h4 1-0

[Event "Mundial Juvenil 2005 s10"]
[Site "Belfort FRA"]
[Date "2005.07.24"]
[Round "6.16"]
[White "Moussard, Jules"]
[Black "Wang, Andew"]
[Result "0-1"]
[WhiteElo "2054"]
[BlackElo "1599"]
[PlyCount "114"]
[EventDate "2005.07.19"]
[EventType "swiss"]
[EventRounds "11"]
[EventCountry "FRA"]
[Source "lmi"]
[SourceDate "2005.07.31"]

1. e4 c5 2. Nf3 g6 3. d4 cxd4 4. Nxd4 Nc6 5. Nc3 Bg7 6. Be3 Nf6 7. Be2 O-O 8.
Nb3 d6 9. O-O a5 10. a4 Be6 11. Nd2 d5 12. exd5 Nxd5 13. Nxd5 Bxd5 14. c3 Qc7
15. Nc4 Bxc4 16. Bxc4 Ne5 17. Be2 Nc4 18. Bxc4 Qxc4 19. Qd7 Qb3 20. Qxe7 Qxb2
21. Rfc1 Rfe8 22. Qd6 Rad8 23. Qf4 Bxc3 24. Rab1 Qa3 25. Qc4 Bb4 26. Qb5 Re6
27. Ra1 Qb2 28. Qxb7 Red6 29. h3 Bc3 30. Qc7 Be5 31. Qc4 Qxa1 32. Rxa1 Rd1+ 33.
Rxd1 Rxd1+ 34. Qf1 Bh2+ 35. Kxh2 Rxf1 36. Bb6 Ra1 37. Bxa5 Rxa4 38. Bb6 Kg7 39.
Kg3 Re4 40. f3 Rb4 41. Ba5 Rc4 42. h4 h5 43. Bd2 Kf6 44. Bf4 Kf5 45. Be3 Rc3
46. Bd4 Rd3 47. Bb2 Rd1 48. Ba3 Rh1 49. Bc5 Ke6 50. Bf2 Ke5 51. Be3 f6 52. Bf4+
Kd4 53. Bc7 Ke3 54. Bd8 f5 55. Bb6+ Ke2 56. Bc5 Rc1 57. Bd6 Kf1 0-1

[Event "Mundial Juvenil 2005 s10"]
[Site "Belfort FRA"]
[Date "2005.07.24"]
[Round "6.17"]
[White "Cheng, Bobby Sky"]
[Black "Abasov, Nijat Azad"]
[Result "0-1"]
[WhiteElo "1599"]
[BlackElo "2210"]
[PlyCount "128"]
[EventDate "2005.07.19"]
[EventType "swiss"]
[EventRounds "11"]
[EventCountry "FRA"]
[Source "lmi"]
[SourceDate "2005.07.31"]

1. d4 Nf6 2. c4 g6 3. Nc3 d5 4. cxd5 Nxd5 5. e4 Nxc3 6. bxc3 Bg7 7. Nf3 O-O 8.
Be2 c5 9. O-O Nc6 10. d5 Ne5 11. Nxe5 Bxe5 12. Bb2 Qc7 13. h3 f5 14. Qb3 Kg7
15. f3 Bh2+ 16. Kh1 Qg3 17. c4+ Kh6 18. Qe3+ f4 19. Qc3 Rf7 20. Qe1 Qxe1 21.
Rfxe1 Bg3 22. Red1 Bd7 23. e5 Ba4 24. Rd2 Rd8 25. e6 Rff8 26. Be5 Rf5 27. Bc7
Rc8 28. d6 exd6 29. Bxd6 Re8 30. Bd3 Rf6 31. Bxc5 b6 32. Bd4 Rfxe6 33. Be4 Bc6
34. Bxc6 Rxc6 35. Rc2 Rd8 36. Rd1 Bh4 37. Rdd2 Rdc8 38. c5 bxc5 39. Be5 Bg3 40.
Rc4 g5 41. Rd1 Re6 42. Re4 Rce8 43. Rd6 Rxd6 44. Bxd6 Rxe4 45. fxe4 Bf2 46. h4
c4 47. e5 c3 48. hxg5+ Kg6 49. e6 Be3 50. Kh2 c2 51. Ba3 c1=Q 52. Bxc1 Bxc1 53.
Kh3 Ba3 54. Kg4 Bd6 55. a4 a5 56. e7 Bxe7 57. Kxf4 Bxg5+ 58. Ke4 Bd2 59. g4 Kg5
60. Kf3 Bf4 61. Ke4 Kxg4 62. Kd5 h5 63. Kc5 h4 64. Kb5 Bd2 0-1

[Event "Mundial Juvenil 2005 s10"]
[Site "Belfort FRA"]
[Date "2005.07.24"]
[Round "6.18"]
[White "Karnati, Harsh"]
[Black "Eidernert, Carl"]
[Result "1-0"]
[WhiteElo "1889"]
[BlackElo "1599"]
[PlyCount "113"]
[EventDate "2005.07.19"]
[EventType "swiss"]
[EventRounds "11"]
[EventCountry "FRA"]
[Source "lmi"]
[SourceDate "2005.07.31"]

1. d4 Nf6 2. e3 g6 3. Bd3 Bg7 4. f4 d6 5. Nf3 c5 6. c3 cxd4 7. exd4 Nc6 8. O-O
O-O 9. Nbd2 Re8 10. Bc4 Qb6 11. Qb3 Qxb3 12. Bxb3 a6 13. Ng5 d5 14. Bc2 b5 15.
Ngf3 Bb7 16. Ne5 Rac8 17. Nb3 Nd7 18. Be3 Ncxe5 19. fxe5 Ra8 20. Rae1 e6 21.
Na5 Bc8 22. Rf2 Rb8 23. Ref1 Rf8 24. Nc6 Rb7 25. Ne7+ Kh8 26. Rxf7 Re8 27. R1f3
Nxe5 28. dxe5 Rbxe7 29. Bd4 Kg8 30. Rxe7 Rxe7 31. a4 Bd7 32. Bd3 Rf7 33. Rxf7
Kxf7 34. axb5 Bxb5 35. Bxb5 axb5 36. Kf2 g5 37. Ke3 Kg6 38. g4 h5 39. h3 h4 40.
Kd3 Kf7 41. Kc2 Bf8 42. Bb6 Ke8 43. Kd3 Kd7 44. Kd4 b4 45. c4 dxc4 46. Kxc4 Bg7
47. Bd4 Kc6 48. Kxb4 Kd5 49. Kc3 Bxe5 50. Bxe5 Kxe5 51. b4 Kd5 52. Kd3 e5 53.
b5 e4+ 54. Ke3 Kc4 55. b6 Kc3 56. b7 Kc2 57. b8=Q 1-0

[Event "Mundial Juvenil 2005 s10"]
[Site "Belfort FRA"]
[Date "2005.07.24"]
[Round "6.19"]
[White "Nyizsnyik, Bence"]
[Black "Fu, Xiaoyong"]
[Result "0-1"]
[WhiteElo "1874"]
[BlackElo "1599"]
[PlyCount "73"]
[EventDate "2005.07.19"]
[EventType "swiss"]
[EventRounds "11"]
[EventCountry "FRA"]
[Source "lmi"]
[SourceDate "2005.07.31"]

1. e4 e5 2. Nf3 Nc6 3. Bb5 a6 4. Bxc6 dxc6 5. O-O Qd6 6. Na3 Be6 7. Qe2 f6 8.
Rd1 c5 9. Nc4 Qd7 10. c3 Bg4 11. h3 Bxf3 12. Qxf3 Ne7 13. d3 Nc6 14. Ne3 Bd6
15. Nf5 O-O-O 16. d4 cxd4 17. cxd4 Nxd4 18. Nxd4 exd4 19. Bf4 Be5 20. Rd2 h5
21. Rad1 g5 22. Bxe5 fxe5 23. Qf6 Qd6 24. Qxg5 Rdf8 25. Kh1 Kb8 26. g3 c5 27.
Rf1 c4 28. f4 Rhg8 29. Qh4 Qb4 30. Rfd1 c3 31. bxc3 dxc3 32. Re2 Qa3 33. Qxh5
Rxg3 34. Qxe5+ Ka8 35. Rd7 Rxh3+ 36. Kg1 Rg8+ 37. Kf2 0-1

[Event "Mundial Juvenil 2005 s10"]
[Site "Belfort FRA"]
[Date "2005.07.24"]
[Round "6.20"]
[White "Emiroglu, Cankut"]
[Black "Khosla, Shiven"]
[Result "0-1"]
[WhiteElo "1599"]
[BlackElo "1832"]
[PlyCount "82"]
[EventDate "2005.07.19"]
[EventType "swiss"]
[EventRounds "11"]
[EventCountry "FRA"]
[Source "lmi"]
[SourceDate "2005.07.31"]

1. e4 c5 2. Nf3 d6 3. Bb5+ Bd7 4. Bxd7+ Qxd7 5. O-O Nc6 6. Re1 g6 7. c3 Bg7 8.
d4 Nf6 9. d5 Na5 10. Qc2 b5 11. Bf4 O-O 12. Nbd2 Rfc8 13. b3 Nh5 14. Be3 b4 15.
Rac1 Bxc3 16. Red1 c4 17. Nxc4 Nxc4 18. bxc4 Rxc4 19. Nd2 Rc7 20. Qb3 a5 21.
Nb1 a4 22. Qc2 Rac8 23. Nxc3 Rxc3 24. Qb2 Qc7 25. h3 Qc4 26. f3 a3 27. Qf2 b3
28. axb3 Qxb3 29. Rb1 Qa4 30. Rd4 a2 31. Ra1 Qb3 32. Bh6 Qb1+ 33. Qf1 Rc1 34.
Bxc1 Qxa1 35. Rd1 Qc3 36. Bh6 Ng3 37. Qe1 Qxe1+ 38. Rxe1 Ne2+ 39. Kf2 Nc1 40.
Rxc1 Rxc1 41. Bxc1 a1=Q 0-1

[Event "Mundial Juvenil 2005 s10"]
[Site "Belfort FRA"]
[Date "2005.07.26"]
[Round "7.2"]
[White "Vakhidov, Jakhongir"]
[Black "Nikologorskiy, Konstantin"]
[Result "1/2-1/2"]
[WhiteElo "1599"]
[BlackElo "1599"]
[PlyCount "59"]
[EventDate "2005.07.19"]
[EventType "swiss"]
[EventRounds "11"]
[EventCountry "FRA"]
[Source "lmi"]
[SourceDate "2005.07.31"]

1. c4 c5 2. Nc3 Nc6 3. Nf3 g6 4. d4 cxd4 5. Nxd4 Bg7 6. Nxc6 bxc6 7. e4 d6 8.
Be3 Nf6 9. f3 O-O 10. Qd2 Be6 11. Be2 Qc7 12. O-O Rab8 13. b3 Ne8 14. Rad1 f5
15. Kh1 f4 16. Bd4 g5 17. g3 Bxd4 18. Qxd4 fxg3 19. Rg1 h6 20. Rxg3 Rf4 21. Qe3
Ng7 22. Rdg1 Kh8 23. Bf1 Bd7 24. Qxf4 gxf4 25. Rxg7 Qa5 26. Nd5 cxd5 27. R7g6
Kh7 28. Rg7+ Kh8 29. R7g6 Kh7 30. Rg7+ 1/2-1/2

[Event "Mundial Juvenil 2005 s10"]
[Site "Belfort FRA"]
[Date "2005.07.26"]
[Round "7.3"]
[White "Yeap, Eng Chiam"]
[Black "Bukavshin, Ivan"]
[Result "0-1"]
[WhiteElo "1599"]
[BlackElo "2029"]
[PlyCount "99"]
[EventDate "2005.07.19"]
[EventType "swiss"]
[EventRounds "11"]
[EventCountry "FRA"]
[Source "lmi"]
[SourceDate "2005.07.31"]

1. d4 Nf6 2. c4 g6 3. Nf3 Bg7 4. g3 O-O 5. Bg2 d6 6. O-O c5 7. Nc3 Nc6 8. d5
Na5 9. Qd3 a6 10. Bf4 Bd7 11. Rac1 b5 12. b3 Rb8 13. e4 Nh5 14. Be3 Nf6 15.
Rfe1 bxc4 16. bxc4 Rb4 17. Nd2 Ng4 18. a3 Ne5 19. Qc2 Rb7 20. Bf1 Ng4 21. Kg2
Nxe3+ 22. fxe3 Qc7 23. Rb1 Rfb8 24. Bd3 Bh6 25. Kf2 Rb6 26. Ne2 Bg7 27. Nc3 h5
28. Rec1 Bc8 29. Bf1 Qd7 30. Nd1 Kf8 31. Rxb6 Rxb6 32. Rb1 Rb7 33. Rxb7 Qxb7
34. Qb1 Qc7 35. Nf3 Bd7 36. Ke1 Ba4 37. Nd2 Bh6 38. Qb2 Kg8 39. Qc3 Bg7 40. Qc1
Kh7 41. Bd3 Nb3 42. Qc2 Qa5 43. h4 Be5 44. Qa2 Bxg3+ 45. Ke2 Nc1+ 46. Kf3 Nxa2
47. Kxg3 Qxd2 48. Nf2 Qxe3+ 49. Kg2 Nc1 50. Bf1 0-1

[Event "Mundial Juvenil 2005 s10"]
[Site "Belfort FRA"]
[Date "2005.07.26"]
[Round "7.4"]
[White "Naroditsky, Daniel"]
[Black "Sanchez Ibern, Marc"]
[Result "1-0"]
[WhiteElo "1599"]
[BlackElo "1914"]
[PlyCount "87"]
[EventDate "2005.07.19"]
[EventType "swiss"]
[EventRounds "11"]
[EventCountry "FRA"]
[Source "lmi"]
[SourceDate "2005.07.31"]

1. e4 e6 2. d4 d5 3. e5 c5 4. c3 Qb6 5. Nf3 Nc6 6. a3 Bd7 7. b4 cxd4 8. cxd4
Rc8 9. Bb2 Nh6 10. Nbd2 Be7 11. Nb3 O-O 12. Bd3 Nb8 13. Nc5 Bb5 14. O-O Kh8 15.
Rc1 Na6 16. h3 Nxc5 17. dxc5 Qa6 18. Bxb5 Qxb5 19. Nd4 Qd7 20. f4 Ng8 21. g3
Bd8 22. f5 Bc7 23. Qe2 Qe7 24. f6 Qd8 25. Qg4 g6 26. Rce1 Qd7 27. h4 Rce8 28.
Rf2 Bb8 29. Rh2 Qc7 30. Re3 h5 31. Qg5 Kh7 32. Bc1 b6 33. c6 b5 34. g4 Nxf6 35.
Qxf6 Qb6 36. Bb2 Bc7 37. gxh5 Bd8 38. Qf4 f6 39. hxg6+ Kg7 40. h5 fxe5 41. h6+
Kxg6 42. Qg4+ Bg5 43. Rg2 Kh7 44. Qxg5 1-0

[Event "Mundial Juvenil 2005 s10"]
[Site "Belfort FRA"]
[Date "2005.07.26"]
[Round "7.6"]
[White "Wang, Andew"]
[Black "Dragun, Kamil"]
[Result "1/2-1/2"]
[WhiteElo "1599"]
[BlackElo "1844"]
[PlyCount "69"]
[EventDate "2005.07.19"]
[EventType "swiss"]
[EventRounds "11"]
[EventCountry "FRA"]
[Source "lmi"]
[SourceDate "2005.07.31"]

1. e4 c5 2. Nf3 d6 3. Bb5+ Bd7 4. Bxd7+ Nxd7 5. d4 cxd4 6. Qxd4 Ngf6 7. O-O Qb6
8. Qd3 Nc5 9. Qc4 Ncxe4 10. Nc3 Qc6 11. Qb3 Nxc3 12. bxc3 g6 13. Ng5 d5 14. Rb1
b6 15. Nf3 Nd7 16. Nd4 Qc4 17. Qb2 Bg7 18. Re1 e5 19. Qa3 Qc5 20. Qa4 Qc4 21.
Qa3 Nc5 22. Nb5 Nb7 23. Qa6 Nc5 24. Nc7+ Kd7 25. Qxc4 dxc4 26. Nxa8 Rxa8 27.
Rd1+ Kc6 28. Ba3 Ne4 29. Bb2 Nf6 30. f3 Nh5 31. Kf2 f5 32. Rd2 Bh6 33. Re2 Re8
34. Rbe1 Bg7 35. a4 1/2-1/2

[Event "Mundial Juvenil 2005 s10"]
[Site "Belfort FRA"]
[Date "2005.07.26"]
[Round "7.7"]
[White "Ton-That, Nicolas"]
[Black "Vasile, Claudiu Daniel"]
[Result "1-0"]
[WhiteElo "1599"]
[BlackElo "1694"]
[PlyCount "103"]
[EventDate "2005.07.19"]
[EventType "swiss"]
[EventRounds "11"]
[EventCountry "FRA"]
[Source "lmi"]
[SourceDate "2005.07.31"]

1. e4 e5 2. Nf3 Nc6 3. c3 Nf6 4. d4 exd4 5. e5 Ne4 6. Qe2 d5 7. exd6 f5 8. Nxd4
Nxd4 9. cxd4 Bxd6 10. f3 Qh4+ 11. Kd1 O-O 12. fxe4 fxe4 13. Qc4+ Kh8 14. Be3
Qg4+ 15. Qe2 Qh4 16. Qe1 Qg4+ 17. Kc2 Be6 18. Nc3 Rad8 19. h3 Qg6 20. Qd2 Bg3
21. Be2 Bf2 22. g4 Bd5 23. Nxd5 Rxd5 24. Raf1 Rdd8 25. Kc1 Bh4 26. Rxf8+ Rxf8
27. Rf1 Rd8 28. Qb4 Qc6+ 29. Kb1 h6 30. Rf8+ Rxf8 31. Qxf8+ Kh7 32. Qf5+ Kg8
33. Qc5 Qxc5 34. dxc5 Kf7 35. Kc2 Ke6 36. Bc4+ Ke5 37. b4 Bg5 38. Kd2 Be7 39.
a4 b6 40. Ke2 bxc5 41. bxc5 c6 42. Kd2 Bd8 43. Kc2 Ba5 44. Bf7 Bb4 45. Kb3 Ba5
46. Kc4 Bc7 47. Be8 Ba5 48. Bxc6 Be1 49. Bd5 Bg3 50. c6 Kd6 51. Bxa7 Bf4 52.
Bb8+ 1-0

[Event "Mundial Juvenil 2005 s10"]
[Site "Belfort FRA"]
[Date "2005.07.26"]
[Round "7.8"]
[White "Alcaraz Ortega, Javier"]
[Black "Valizadeh, Ali"]
[Result "0-1"]
[WhiteElo "1599"]
[BlackElo "1599"]
[PlyCount "172"]
[EventDate "2005.07.19"]
[EventType "swiss"]
[EventRounds "11"]
[EventCountry "FRA"]
[Source "lmi"]
[SourceDate "2005.07.31"]

1. d4 d5 2. Nc3 Nf6 3. Bg5 Bf5 4. Bxf6 exf6 5. e3 Be7 6. Bd3 Be6 7. Nge2 O-O 8.
O-O Qd7 9. Qd2 f5 10. Nd1 b5 11. b3 b4 12. c4 bxc3 13. Ndxc3 a6 14. Rac1 Nc6
15. Na4 Ba3 16. Nb2 Nb4 17. Bb1 Qd6 18. Rcd1 Nc6 19. Nd3 Ne7 20. Qa5 Nc6 21.
Qc3 a5 22. Nc5 Bb4 23. Qc2 Rab8 24. Nf4 Rfd8 25. Nfd3 Na7 26. a3 Bxc5 27. Nxc5
Nc8 28. Qc3 Qb6 29. Bd3 Nd6 30. Rb1 Rdc8 31. Ba6 Rd8 32. Bd3 c6 33. Rfc1 Rdc8
34. Na6 Ra8 35. Qc5 Qd8 36. Qc3 Qg5 37. Nc5 f4 38. exf4 Qxf4 39. Re1 Nb5 40.
Bxb5 cxb5 41. Nxe6 fxe6 42. Qd3 Rf8 43. f3 b4 44. a4 Rf7 45. Re2 Rc8 46. Ree1
Rc3 47. Qb5 Qxd4+ 48. Kh1 Rc2 49. Qe8+ Rf8 50. Qxe6+ Kh8 51. Re2 Rd2 52. Rbe1
Rd1 53. Qd6 Rg8 54. Qa6 Qd2 55. Qe6 Qd3 56. Qe3 d4 57. Qe6 h6 58. Rxd1 Qxd1+
59. Re1 Qc2 60. Re2 Qc3 61. h3 d3 62. Re1 Rc8 63. Kg1 d2 64. Rd1 Qd4+ 65. Kh2
Rd8 66. Qe7 Qd6+ 67. Qxd6 Rxd6 68. Kg1 Rd3 69. Kf2 Rxb3 70. Rxd2 Ra3 71. Ke2
Rxa4 72. Rb2 Ra1 73. Kd3 Rc1 74. Kd2 Ra1 75. Kd3 Rc1 76. Kd2 Rc5 77. Kd3 Kg8
78. Kd2 Kf7 79. Kd3 Rc7 80. Ra2 Rc5 81. Kd4 Rb5 82. Kc4 Rf5 83. Kd4 Rb5 84. Kc4
Rf5 85. Kb3 Ke6 86. Re2+ Kf6 0-1

[Event "Mundial Juvenil 2005 s10"]
[Site "Belfort FRA"]
[Date "2005.07.26"]
[Round "7.9"]
[White "Diloyan, Ara"]
[Black "Qu, Ziyuan"]
[Result "1-0"]
[WhiteElo "1599"]
[BlackElo "2242"]
[PlyCount "73"]
[EventDate "2005.07.19"]
[EventType "swiss"]
[EventRounds "11"]
[EventCountry "FRA"]
[Source "lmi"]
[SourceDate "2005.07.31"]

1. e4 c5 2. Nf3 d6 3. d4 cxd4 4. Nxd4 Nf6 5. Nc3 a6 6. Be2 e5 7. Nb3 Be7 8. O-O
O-O 9. Be3 Be6 10. Nd2 Nbd7 11. Nc4 Qc7 12. Nd5 Bxd5 13. exd5 b5 14. Na3 Rfc8
15. c3 Nb6 16. Bxb6 Qxb6 17. Nc2 Bf8 18. Ne3 g6 19. h3 Bh6 20. Bg4 Rc7 21. Nc2
Bf8 22. Qf3 Bg7 23. h4 h5 24. Bh3 Qb7 25. Rad1 Re8 26. Nb4 a5 27. Nc6 Ra8 28.
a3 e4 29. Qf4 Nxd5 30. Rxd5 Qxc6 31. Rxd6 Qb7 32. Rfd1 Re8 33. Rd7 Re7 34. Rd8+
Kh7 35. R1d5 Bh6 36. Qf6 Bg7 37. Rxh5+ 1-0